000 00691nam a2200205Ia 4500
003 GCL
008 140319s9999 xx 000 0 ara d
040 _aGCL /
_cGCL
082 0 4 _a236.8
_bد ا
100 1 _aعبدالحليم الجندى
245 1 0 _aاحمد بن حنبل امام اهل السنه /
_cعبدالحليم الجندى
260 _a[S.N] :
_bدار المعارف ،
_c1985
300 _a500 ص
490 _a
650 0 4 _aالحديث
650 0 4 _aالفقه الاسلامى
650 0 4 _aالعلوم
650 0 4 _aابن حنبل: ابوعبدالله احمد بن محمد بن هلال بن اسد بن ادريس الشيبانى
942 _2ddc
_cBK
999 _c28542
_d28542